<?xml version="1.0" encoding="UTF-8"?><?xml-stylesheet type="text/xsl" href="static/style.xsl"?><OAI-PMH xmlns="http://www.openarchives.org/OAI/2.0/" xmlns:xsi="http://www.w3.org/2001/XMLSchema-instance" xsi:schemaLocation="http://www.openarchives.org/OAI/2.0/ http://www.openarchives.org/OAI/2.0/OAI-PMH.xsd"><responseDate>2026-04-17T21:03:47Z</responseDate><request verb="GetRecord" identifier="oai:www.recercat.cat:2072/425153" metadataPrefix="marc">https://recercat.cat/oai/request</request><GetRecord><record><header><identifier>oai:recercat.cat:2072/425153</identifier><datestamp>2025-12-27T20:02:50Z</datestamp><setSpec>com_2072_98</setSpec><setSpec>col_2072_378197</setSpec></header><metadata><record xmlns="http://www.loc.gov/MARC21/slim" xmlns:dcterms="http://purl.org/dc/terms/" xmlns:xsi="http://www.w3.org/2001/XMLSchema-instance" xmlns:doc="http://www.lyncode.com/xoai" xsi:schemaLocation="http://www.loc.gov/MARC21/slim http://www.loc.gov/standards/marcxml/schema/MARC21slim.xsd">
   <leader>00925njm 22002777a 4500</leader>
   <datafield ind2=" " ind1=" " tag="042">
      <subfield code="a">dc</subfield>
   </datafield>
   <datafield ind2=" " ind1=" " tag="720">
      <subfield code="a">Prieto Rosas, Victoria</subfield>
      <subfield code="e">author</subfield>
   </datafield>
   <datafield ind2=" " ind1=" " tag="720">
      <subfield code="a">Cabré, Anna</subfield>
      <subfield code="e">author</subfield>
   </datafield>
   <datafield ind2=" " ind1=" " tag="720">
      <subfield code="a">Recaño Valverde, Joaquín</subfield>
      <subfield code="e">author</subfield>
   </datafield>
   <datafield ind2=" " ind1=" " tag="260">
      <subfield code="c">2013</subfield>
   </datafield>
   <datafield ind2=" " ind1=" " tag="520">
      <subfield code="a">El fenómeno de la migración de origen latinoamericano de la pasada década fue especialmente significativo. El año 2000 señala el inicio de la fase de auge o expansión de este flujo y a partir de entonces el conjunto de nacionalidades latinoamericanas se convierte en protagonista. Las circunstancias económicas, principales desencadenantes de este flujo, han cambiado radicalmente en los países de origen y en España a partir del año 2008. No obstante, los rasgos que sostuvieron demográficamente esta migración aún están vigentes, pues la población latinoamericana continúa creciendo, aunque a un ritmo muy inferior al de las pasadas décadas. Pero ¿por cuánto tiempo crecerá la población en edades típicas a la migración en esta región? ¿Las hipótesis que auguran una caída del potencial demográfico para la migración en los países emisores se corroboran en este caso? Para responder a estas preguntas se realiza una proyección determinística del flujo de latinoamericanos hacia España al horizonte 2050, definiendo distintos escenarios de intensidad migratoria a los que se expone la variante media de la proyección de población de los países de origen. Los datos de flujo migratorio corresponden a la Estadística de Variación Residencial del período 1980-2010 y la población estimada y proyectada para los países de origen es la publicada por Naciones Unidas en su revisión 2010. Los resultados muestran una caída del flujo total de latinoamericanos a partir de 2045, pero para algunos orígenes esta caída sería anterior, próxima a 2030. También se auguran cambios en la composición de los flujos por país de nacimiento, con un incremento de la participación de los países con estructuras de edad más jóvenes, y la continuidad del proceso de feminización de los flujos que se iniciara en la pasada década.</subfield>
   </datafield>
   <datafield ind2=" " ind1=" " tag="520">
      <subfield code="a">Durant la dècada passada, el fenomen de la migració d'origen llatinoamericà va ser especialment significatiu. L'any 2000 assenyala l'inici de la fase d'expansió d'aquest flux i el conjunt de nacionalitats llatinoamericanes esdevé el principal protagonista d'aquest. A partir de l'any 2008, les circumstàncies econòmiques, principal desencadenant d'aquest flux, han canviat radicalment tant en els països d'origen com a Espanya. Malgrat això, les variables que van mantenir demogràficament aquest flux resten vigents, ja que la població llatinoamericana continua creixent, tot i que a un ritme molt inferior al de les passades dècades. Però, per quant temps creixerà la població, en aquesta regió, en aquelles edats típiques de la migració? Les hipòtesis que auguren una caiguda del potencial demogràfic per a la migració en els països emissors, es corroboren pels països d'aquesta regió? Per respondre aquestes preguntes es realitza una projecció determinística del flux de llatinoamericans cap a Espanya, a l'horitzó 2050, definint diferents escenaris d'intensitat migratòria als quals s'exposa la variant mitjana de la projecció de població dels països d'origen. Les dades del flux migratori corresponen a l'Estadística de Variació Residencial del període 1980-2010 i la població estimada i projectada per als països d'origen és la publicada per Nacions Unides en la seva revisió de 2010. Els resultats mostren una caiguda del flux total d'origen llatinoamericà a partir de 2045, però, per a alguns orígens, aquesta caiguda seria anterior, pròxima a 2030. També s'auguren canvis en la composició per país de naixement, amb un increment de la participació dels països amb estructura d'edat més jove, i la continuïtat del procés de feminització dels fluxos que es va iniciar durant la passada dècada.</subfield>
   </datafield>
   <datafield ind2=" " ind1=" " tag="520">
      <subfield code="a">The phenomenon of migration from Latin America was especially significant in the last decade. The year 2000 marks the beginning of the boom or expansion phase of this flow, when Latin Americans became the leading foreign group in Spain. The economic circumstances that were the main driving force of this flow have radically changed in the countries of origin and in Spain after 2008. However, the demographic forces that held this flow are still in force, as the Latin American population continues to grow albeit at a much lower rate. But, how long will the population in typical migration ages in this region continue to grow? Are the hypotheses that predict a fall of demographic potential for migration in sending countries to be verified in this case? To answer these questions the flow of Latin Americans to Spain was projected defining different scenarios of migration intensity. The medium variant of the population projection carried out by United Nations for the countries of origin was used to expose the population at origin to the different migration intensity scenarios here considered. In this way we obtain an annual number of migrants. The data sources on migration flows to Spain by country of birth are the Residential Variation Statistics and the estimations and projections of the population at origin used correspond to the United Nations 2010 Revision.The results show that a decrease of the total flow from Latin America could be expected around 2045, but for some origins this fall may take place earlier, close to 2030. Changes in the composition by countries of birth, with an increase in the participation of the countries with the youngest age structure, and the continuity of the feminization of flows already observed are expected too.</subfield>
   </datafield>
   <datafield tag="653" ind2=" " ind1=" ">
      <subfield code="a">Potencial demogràfic</subfield>
   </datafield>
   <datafield tag="653" ind2=" " ind1=" ">
      <subfield code="a">Projeccions</subfield>
   </datafield>
   <datafield tag="653" ind2=" " ind1=" ">
      <subfield code="a">Migració</subfield>
   </datafield>
   <datafield tag="653" ind2=" " ind1=" ">
      <subfield code="a">Immigració</subfield>
   </datafield>
   <datafield tag="653" ind2=" " ind1=" ">
      <subfield code="a">Amèrica Llatina</subfield>
   </datafield>
   <datafield tag="653" ind2=" " ind1=" ">
      <subfield code="a">Espanya</subfield>
   </datafield>
   <datafield tag="653" ind2=" " ind1=" ">
      <subfield code="a">Potencial demográfico</subfield>
   </datafield>
   <datafield tag="653" ind2=" " ind1=" ">
      <subfield code="a">Proyecciones</subfield>
   </datafield>
   <datafield tag="653" ind2=" " ind1=" ">
      <subfield code="a">Migración</subfield>
   </datafield>
   <datafield tag="653" ind2=" " ind1=" ">
      <subfield code="a">Inmigración</subfield>
   </datafield>
   <datafield tag="653" ind2=" " ind1=" ">
      <subfield code="a">América Latina</subfield>
   </datafield>
   <datafield tag="653" ind2=" " ind1=" ">
      <subfield code="a">España</subfield>
   </datafield>
   <datafield tag="653" ind2=" " ind1=" ">
      <subfield code="a">Demographic potential</subfield>
   </datafield>
   <datafield tag="653" ind2=" " ind1=" ">
      <subfield code="a">Projections</subfield>
   </datafield>
   <datafield tag="653" ind2=" " ind1=" ">
      <subfield code="a">Migration</subfield>
   </datafield>
   <datafield tag="653" ind2=" " ind1=" ">
      <subfield code="a">Immigration</subfield>
   </datafield>
   <datafield tag="653" ind2=" " ind1=" ">
      <subfield code="a">Latin America</subfield>
   </datafield>
   <datafield tag="653" ind2=" " ind1=" ">
      <subfield code="a">Spain</subfield>
   </datafield>
   <datafield ind2="0" ind1="0" tag="245">
      <subfield code="a">El potencial demográfico de la migración de latinoamericanos hacia España</subfield>
   </datafield>
</record></metadata></record></GetRecord></OAI-PMH>